[Event "WchT Silent"]
[Site "Opatija"]
[Date "2014.06.23"]
[Round "5.4"]
[White "Kreuzer, Christopher RL"]
[Black "Zabolotny, Volodymyr"]
[Result "1-0"]
[WhiteElo "1924"]
[BlackElo "2047"]
[PlyCount "55"]
[EventDate "2014.06.19"]
[EventType "team-swiss"]
[EventRounds "9"]
[EventCountry "CRO"]
[SourceTitle "CBM 161 Extra"]
[Source "ChessBase"]
[SourceDate "2014.08.29"]
[SourceVersion "1"]
[SourceVersionDate "2014.08.29"]
[SourceQuality "1"]
[WhiteTeam "England"]
[BlackTeam "Ukraine"]
[WhiteTeamCountry "ENG"]
[BlackTeamCountry "UKR"]

1. e4 c5 2. Nf3 g6 3. d4 cxd4 4. Nxd4 Bg7 5. Nc3 Nc6 6. Be3 Nf6 7. Be2 d6 8. f3 Bd7 9. Qd2 0-0 10. g4 Qa5 11. Nb3 Qc7 12. g5 Nh5 13. f4 Be6 14. f5 Bxb3 15. axb3 Nb4 16. 0-0 a5 17. Bxh5 gxh5 18. f6 Bh8 19. Qe2 Qd8 20. Bd4 Nc6 21. Nd5 Nxd4 22. Qxh5 Re8 23. Rf4 Ne6 24. Rh4 Nf8 25. Rf1 e6 26. g6 Nxg6 27. Qxh7+ Kf8 28. Qxh8+ 1-0

[Event "BCF-chT3 1314 (4NCL)"]
[Site "England"]
[Date "2014.03.23"]
[Round "8.177"]
[White "Kreuzer, Christopher RL"]
[Black "Cowan, Richard M"]
[Result "1/2-1/2"]
[WhiteElo "1916"]
[BlackElo "1836"]
[PlyCount "144"]
[EventDate "2013.11.16"]
[EventType "team-swiss"]
[EventRounds "11"]
[EventCountry "ENG"]
[SourceTitle "EXT 2015"]
[Source "ChessBase"]
[SourceDate "2014.11.20"]
[SourceVersion "1"]
[SourceVersionDate "2014.11.20"]
[SourceQuality "1"]
[WhiteTeam "Cambridge III"]
[BlackTeam "Jorvik"]
[WhiteTeamCountry "ENG"]
[BlackTeamCountry "ENG"]

1. e4 c6 2. d4 d5 3. e5 Bf5 4. Bd3 Bxd3 5. Qxd3 e6 6. Be3 Nd7 7. Ne2 f5 8. h4 Qc7 9. Nf4 Kf7 10. Nd2 g6 11. Nf3 Be7 12. Nh3 Re8 13. h5 Kg7 14. h6+ Kf7 15. Bg5 Bf8 16. Nf4 Qa5+ 17. c3 c5 18. a3 cxd4 19. b4 Qa4 20. Qxd4 Qc2 21. Qd3 Qxd3 22. Nxd3 Ne7 23. Be3 Nc8 24. Ng5+ Ke7 25. Bd4 Ncb6 26. Nf4 Nc4 27. Ngxe6 Ndxe5 28. Nc7 Rd8 29. Ncxd5+ Kf7 30. Ne3 Nxe3 31. fxe3 Bd6 32. 0-0-0 Rhe8 33. Bxe5 Bxe5 34. Rxd8 Rxd8 35. Kc2 g5 36. Ne2 Kg6 37. Nd4 Re8 38. Kd3 g4 39. Rf1 Rf8 40. Rh1 Rf7 41. Ne2 Rd7+ 42. Kc2 Kg5 43. g3 Rd6 44. Nf4 Rxh6 45. Rxh6 Kxh6 46. c4 Kg5 47. Kd2 h5 48. Ke2 h4 49. gxh4+ Kh6 50. Kf2 Bf6 51. Kg3 Bb2 52. a4 Bc3 53. Nd3 Bd2 54. c5 Bxe3 55. b5 Kg6 56. a5 Kf6 57. c6 bxc6 58. bxc6 Ke6 59. Nf4+ Kd6 60. c7 Kd7 61. Nd5 Bd2 62. a6 Be1+ 63. Kg2 Bxh4 64. Ne3 Kxc7 65. Nxf5 Bf6 66. Ne3 Bd4 67. Nxg4 Kb6 68. Kf3 Kxa6 69. Ke4 Bg7 70. Kd3 Kb5 71. Kc2 Bd4 72. Kb3 a6 1/2-1/2

[Event "BCF-ch 5-day op PM Week 2"]
[Site "Torquay"]
[Date "2013.08.08"]
[Round "4.14"]
[White "Kreuzer, Christopher RL"]
[Black "Blake, J Morgan"]
[Result "0-1"]
[WhiteElo "1934"]
[BlackElo "1675"]
[PlyCount "86"]
[EventDate "2013.08.05"]
[EventType "swiss"]
[EventRounds "5"]
[EventCountry "ENG"]
[SourceTitle "EXT 2023"]
[Source "ChessBase"]
[SourceDate "2022.10.05"]
[SourceVersion "1"]
[SourceVersionDate "2022.10.05"]
[SourceQuality "1"]

1. e4 e6 2. d4 d5 3. Nd2 Nf6 4. e5 Nfd7 5. Bd3 c5 6. c3 Nc6 7. Ne2 cxd4 8. cxd4 f6 9. exf6 Nxf6 10. Nf3 Bd6 11. Bg5 0-0 12. a3 Qc7 13. Qc2 h6 14. Bh4 Nh5 15. Bg3 Nxg3 16. hxg3 Bd7 17. Nh4 Be8 18. f4 Qa5+ 19. Kf2 e5 20. Nf5 e4 21. Nxd6 exd3 22. Qxd3 Qb6 23. Nf5 Rxf5 24. Qxf5 Nxd4 25. Nxd4 Qxd4+ 26. Kf3 Qxb2 27. Rae1 d4 28. Rxh6 Qb3+ 29. Kf2 gxh6 30. Qg4+ Kh8 31. f5 Qxa3 32. Re6 Qf8 33. Qxd4+ Kh7 34. Qe4 Bf7 35. Qxb7 Qc5+ 36. Re3 Rf8 37. g4 Kg8 38. Qe7 Qxe7 39. Rxe7 Ra8 40. Re3 a5 41. g5 hxg5 42. Kg3 a4 43. Ra3 Kg7 0-1

[Event "BCF-ch 5-day op PM Week 2"]
[Site "Torquay"]
[Date "2013.08.07"]
[Round "3.9"]
[White "Moss, Stephen"]
[Black "Kreuzer, Christopher RL"]
[Result "1-0"]
[WhiteElo "1702"]
[BlackElo "1934"]
[PlyCount "37"]
[EventDate "2013.08.05"]
[EventType "swiss"]
[EventRounds "5"]
[EventCountry "ENG"]
[SourceTitle "EXT 2023"]
[Source "ChessBase"]
[SourceDate "2022.10.05"]
[SourceVersion "1"]
[SourceVersionDate "2022.10.05"]
[SourceQuality "1"]

1. d4 Nf6 2. Nf3 e6 3. c4 Bb4+ 4. Nc3 c5 5. e3 Ne4 6. Qc2 d5 7. Bd3 Qa5 8. Bd2 Nxd2 9. Nxd2 cxd4 10. exd4 dxc4 11. Nxc4 Qg5 12. 0-0 Bxc3 13. bxc3 Nc6 14. f4 Qd8 15. f5 h6 16. Rae1 0-0 17. f6 g5 18. Qe2 Nxd4 19. Qh5 1-0

[Event "EU-chT ICCD Silent 21st"]
[Site "Kaunas"]
[Date "2013.06.14"]
[Round "3.5"]
[White "Kreuzer, Christopher RL"]
[Black "Bilsky, Mykola"]
[Result "1/2-1/2"]
[WhiteElo "1941"]
[BlackElo "1751"]
[PlyCount "96"]
[EventDate "2013.06.13"]
[EventType "team-swiss"]
[EventRounds "7"]
[EventCountry "LTU"]
[SourceTitle "EXT 2015"]
[Source "ChessBase"]
[SourceDate "2014.11.20"]
[SourceVersion "1"]
[SourceVersionDate "2014.11.20"]
[SourceQuality "1"]

1. e4 Nc6 2. Nf3 d6 3. d4 Nf6 4. Nc3 e6 5. Be2 Be7 6. Bf4 a6 7. d5 exd5 8. exd5 Nb8 9. 0-0 Bg4 10. Re1 0-0 11. Nd4 Bxe2 12. Qxe2 Re8 13. Qf3 Nbd7 14. Nf5 Bf8 15. Qg3 Kh8 16. Bg5 Ne5 17. f4 Ned7 18. Rxe8 Qxe8 19. Re1 Qd8 20. Ne4 Nxe4 21. Rxe4 f6 22. Bh4 Nc5 23. Re2 Qd7 24. Nd4 Qf7 25. c4 Re8 26. Rxe8 Qxe8 27. Qe1 Qxe1+ 28. Bxe1 Nd3 29. Bc3 Nxf4 30. g3 Ng6 31. Ne6 c5 32. dxc6 bxc6 33. Nc7 Ne5 34. Bxe5 fxe5 35. Nxa6 Kg8 36. Nb4 c5 37. Nd5 Kf7 38. a4 Ke6 39. b3 Kd7 40. Kf2 Kc6 41. g4 g6 42. g5 h5 43. h4 Kb7 44. Ke3 Ka6 45. Ke4 Ka5 46. Kd3 Ka6 47. Nc7+ Kb6 48. Nd5+ Ka5 1/2-1/2

[Event "EU-chT ICCD Silent 21st"]
[Site "Kaunas"]
[Date "2013.06.13"]
[Round "1.1"]
[White "Kreuzer, Christopher RL"]
[Black "Salov, Sergej"]
[Result "0-1"]
[WhiteElo "1941"]
[BlackElo "2229"]
[PlyCount "138"]
[EventDate "2013.06.13"]
[EventType "team-swiss"]
[EventRounds "7"]
[EventCountry "LTU"]
[SourceTitle "EXT 2015"]
[Source "ChessBase"]
[SourceDate "2014.11.20"]
[SourceVersion "1"]
[SourceVersionDate "2014.11.20"]
[SourceQuality "1"]

1. e4 c5 2. Nf3 e6 3. d4 cxd4 4. Nxd4 a6 5. Nc3 Qc7 6. Bd3 Nc6 7. Be3 Nf6 8. 0-0 b5 9. Nxc6 Qxc6 10. e5 Bb7 11. f3 Nd5 12. Bd4 Bc5 13. Bf2 Bxf2+ 14. Rxf2 Nxc3 15. bxc3 Qxc3 16. f4 g6 17. a4 b4 18. a5 0-0 19. Rb1 Qc5 20. Qg4 f5 21. Qg5 Qxa5 22. Qe7 Qc7 23. Qxb4 Bc6 24. Qc5 a5 25. Bc4 Rac8 26. Ra1 Be4 27. Qxc7 Rxc7 28. Bd3 Bxd3 29. cxd3 Rc5 30. Ra4 Rb8 31. Rfa2 Rb4 32. Kf2 Rd5 33. Ke3 Rb3 34. Rd4 Rxd4 35. Kxd4 Rb4+ 36. Ke3 a4 37. g3 h6 38. h3 Kf7 39. Kd2 g5 40. Kc3 Rb3+ 41. Kc4 gxf4 42. gxf4 Rb1 43. Rxa4 Rh1 44. Kc5 Rxh3 45. d4 Ke7 46. Ra1 Rc3+ 47. Kb4 Rh3 48. Rg1 Rh4 49. Kc5 Kf7 50. Rf1 Ke7 51. Rg1 Rxf4 52. Rh1 Rf2 53. Kc4 d6 54. Rxh6 dxe5 55. dxe5 Re2 56. Rh7+ Kf8 57. Kc5 Rxe5+ 58. Kd6 Re4 59. Ra7 f4 60. Rb7 f3 61. Rb3 Rf4 62. Ke5 f2 63. Kxf4 f1Q+ 64. Rf3 Qb5 65. Re3 Kf7 66. Re4 Kf6 67. Ke3 e5 68. Kf3 Kf5 69. Re3 Qf1+ 0-1

[Event "London Imperial College op"]
[Site "London"]
[Date "2013.02.03"]
[Round "4"]
[White "Kreuzer, Christopher RL"]
[Black "Duncan, Patrick"]
[Result "1-0"]
[WhiteElo "1949"]
[BlackElo "2078"]
[PlyCount "113"]
[EventDate "2013.02.01"]
[EventType "swiss"]
[EventRounds "5"]
[EventCountry "ENG"]
[SourceTitle "CBM 153 Extra"]
[Source "ChessBase"]
[SourceDate "2013.04.22"]
[SourceVersion "1"]
[SourceVersionDate "2013.04.22"]
[SourceQuality "1"]

1. e4 c6 2. d4 d5 3. exd5 cxd5 4. c4 Nf6 5. Nc3 e6 6. Bg5 Be7 7. Nf3 0-0 8. Rc1 b6 9. cxd5 Nxd5 10. Nxd5 exd5 11. Be3 Bb4+ 12. Nd2 f5 13. g3 Nd7 14. Bb5 Nf6 15. Bc6 Rb8 16. Qa4 Bxd2+ 17. Kxd2 f4 18. Bxf4 Ne4+ 19. Ke3 Rxf4 20. gxf4 Bf5 21. Qxa7 Nf6 22. Rhg1 g6 23. f3 Rc8 24. Bb5 Nh5 25. Rxc8 Qxc8 26. Qxb6 Qc2 27. Qd8+ Kf7 28. Qxd5+ Be6 29. Qb7+ Kf6 30. Qe4 Qxb2 31. Qe5+ Kf7 32. Qc7+ Kf6 33. Qd8+ Kg7 34. Qe7+ Bf7 35. Qe5+ Nf6 36. Bd3 Qxa2 37. f5 Qb3 38. fxg6 hxg6 39. Rb1 Qc3 40. Rb6 Qe1+ 41. Be2 Qh4 42. Qxf6+ Qxf6 43. Rxf6 Kxf6 44. Ke4 Be6 45. h4 Bf7 46. d5 Be8 47. Ba6 Bd7 48. Bb7 Bf5+ 49. Kf4 Bc2 50. Bc6 Bd1 51. d6 Ke6 52. d7 Ke7 53. Kg5 Bc2 54. Be4 Bb3 55. Kxg6 Kxd7 56. Kg7 Ke7 57. h5 1-0

[Event "London Imperial College op"]
[Site "London"]
[Date "2013.02.02"]
[Round "3"]
[White "Haridas, Girinath"]
[Black "Kreuzer, Christopher RL"]
[Result "0-1"]
[WhiteElo "1780"]
[BlackElo "1949"]
[PlyCount "114"]
[EventDate "2013.02.01"]
[EventType "swiss"]
[EventRounds "5"]
[EventCountry "ENG"]
[SourceTitle "CBM 153 Extra"]
[Source "ChessBase"]
[SourceDate "2013.04.22"]
[SourceVersion "1"]
[SourceVersionDate "2013.04.22"]
[SourceQuality "1"]

1. d4 Nf6 2. c4 e6 3. Nf3 c5 4. d5 d6 5. Nc3 exd5 6. cxd5 Bf5 7. Bf4 Be7 8. Qa4+ Qd7 9. Qxd7+ Nbxd7 10. Nh4 Be4 11. f3 Bxd5 12. Nb5 Nh5 13. Bg3 Nxg3 14. hxg3 Be6 15. Nc7+ Kd8 16. Nxa8 g5 17. Rc1 gxh4 18. Rc3 Kc8 19. gxh4 h5 20. e4 Kb8 21. f4 Kxa8 22. Bb5 Nf6 23. Bd3 Bd7 24. Kf2 Bc6 25. Re1 Ng4+ 26. Kg3 Bf6 27. Rc2 Rg8 28. Kh3 Bd7 29. f5 Be5 30. g3 Nf2+ 31. Rxf2 Rxg3+ 32. Kh2 Rxd3+ 33. Kg2 Rg3+ 34. Kh1 Bc6 35. Rd2 Rg4 36. Rde2 Bg3 37. Rg1 Rxe4 38. Rxg3 Rxe2+ 39. Kg1 Rg2+ 40. Rxg2 Bxg2 41. Kxg2 d5 42. f6 d4 43. Kf3 Kb8 44. Ke4 Kc7 45. b4 b6 46. a4 Kd6 47. a5 Ke6 48. a6 Kxf6 49. b5 Ke6 50. Kf4 c4 51. Kg5 d3 52. Kxh5 d2 53. Kh6 d1Q 54. h5 Kf6 55. Kh7 Qxh5+ 56. Kg8 Qc5 57. Kh7 Qg1 0-1

[Event "BCF-chT3S 1213 (4NCL)"]
[Site "England"]
[Date "2013.01.12"]
[Round "3.147"]
[White "Fowler, David W"]
[Black "Kreuzer, Christopher RL"]
[Result "1/2-1/2"]
[WhiteElo "1860"]
[BlackElo "1949"]
[PlyCount "86"]
[EventDate "2012.11.03"]
[EventType "team-swiss"]
[EventRounds "6"]
[EventCountry "ENG"]
[SourceTitle "EXT 2014"]
[Source "ChessBase"]
[SourceDate "2013.11.20"]
[SourceVersion "1"]
[SourceVersionDate "2013.11.20"]
[SourceQuality "1"]
[WhiteTeam "Southampton"]
[BlackTeam "Cambridge III"]
[WhiteTeamCountry "ENG"]
[BlackTeamCountry "ENG"]

1. e4 c5 2. Nf3 d6 3. d4 cxd4 4. Qxd4 Nf6 5. Bb5+ Bd7 6. Bxd7+ Qxd7 7. Nc3 Nc6 8. Qa4 g6 9. 0-0 Bg7 10. Bg5 0-0 11. Rad1 Rfc8 12. Nd5 Nxd5 13. exd5 Ne5 14. Qxd7 Nxd7 15. c3 Bf6 16. Rfe1 Rc7 17. Re2 Nb6 18. Bxf6 exf6 19. Nd2 f5 20. Nf3 Kf8 21. h4 Re8 22. Rxe8+ Kxe8 23. Ng5 f6 24. Ne6 Re7 25. Nf4 Re5 26. b3 g5 27. hxg5 fxg5 28. Ne6 Nxd5 29. Rxd5 Rxe6 30. Kf1 Rf6 31. Ke2 h6 32. c4 Kd7 33. f4 g4 34. Kf2 Ke6 35. Kg3 Kf7 36. c5 dxc5 37. Rxc5 Kg6 38. Rc7 Ra6 39. Rxb7 Rxa2 40. Rc7 Ra6 41. Kh4 Ra1 42. Rc6+ Kg7 43. Rc7+ Kg6 1/2-1/2

[Event "London Classic op 4th"]
[Site "London"]
[Date "2012.12.07"]
[Round "7"]
[White "Harari, Zaki"]
[Black "Kreuzer, Christopher RL"]
[Result "1/2-1/2"]
[WhiteElo "2143"]
[BlackElo "1977"]
[PlyCount "136"]
[EventDate "2012.12.01"]
[EventType "swiss"]
[EventRounds "9"]
[EventCountry "ENG"]
[SourceTitle "CBM 151 Extra"]
[Source "ChessBase"]
[SourceDate "2012.12.18"]
[SourceVersion "1"]
[SourceVersionDate "2012.12.18"]
[SourceQuality "1"]

1. e4 c5 2. Nf3 d6 3. d4 cxd4 4. Qxd4 Nf6 5. h3 Nc6 6. Qe3 e6 7. c4 Be7 8. Nc3 0-0 9. Be2 d5 10. cxd5 exd5 11. exd5 Nxd5 12. Nxd5 Qxd5 13. 0-0 Bc5 14. Qf4 Qf5 15. Qc7 Bb6 16. Qg3 Re8 17. Bd1 Be6 18. Qh4 Bd5 19. Bd2 Re6 20. Rc1 Rg6 21. Rc3 Bd8 22. Bc2 Bxf3 23. Bxf5 Rxg2+ 24. Kh1 Rxf2+ 25. Rxf3 Rxf1+ 26. Rxf1 Bxh4 27. Bc3 Bg3 28. Be4 Re8 29. Bd5 Nd8 30. Rg1 Re3 31. Rd1 Kf8 32. Bd4 Re1+ 33. Rxe1 Bxe1 34. Bxa7 Ba5 35. Bc5+ Ke8 36. b4 Bc7 37. b5 Kd7 38. a4 Ne6 39. Bb4 b6 40. Bc6+ Kd8 41. Kg1 Nd4 42. Be4 f5 43. Bd3 g6 44. Kf2 Kd7 45. Ke3 Ne6 46. Bc4 Bd6 47. Bc3 Bc5+ 48. Kf3 Ng5+ 49. Kg2 Ne4 50. Be5 g5 51. Bd5 Bd6 52. Bd4 Nc5 53. Bxc5 Bxc5 54. Bf7 Kd6 55. Kf3 Ke5 56. Be8 Bb4 57. Bf7 Kf6 58. Be8 Ke7 59. Bh5 Ba3 60. Ke3 Bc1+ 61. Kf3 Kd6 62. Be8 Ke5 63. Bh5 Kd4 64. Be8 Kc4 65. Bd7 Kb4 66. Bxf5 Kxa4 67. Bxh7 Kxb5 68. Kg4 Kc5 1/2-1/2

[Event "BCF-chT3S 1213 (4NCL)"]
[Site "England"]
[Date "2012.11.03"]
[Round "1.115"]
[White "Cresswell, Michael"]
[Black "Kreuzer, Christopher RL"]
[Result "1/2-1/2"]
[WhiteElo "1832"]
[BlackElo "1968"]
[PlyCount "122"]
[EventDate "2012.11.03"]
[EventType "team-swiss"]
[EventRounds "6"]
[EventCountry "ENG"]
[SourceTitle "EXT 2014"]
[Source "ChessBase"]
[SourceDate "2013.11.20"]
[SourceVersion "1"]
[SourceVersionDate "2013.11.20"]
[SourceQuality "1"]
[WhiteTeam "BCM Eagles IV"]
[BlackTeam "Cambridge III"]
[WhiteTeamCountry "ENG"]
[BlackTeamCountry "ENG"]

1. e4 c5 2. Nf3 d6 3. d4 cxd4 4. Nxd4 Nf6 5. Nc3 a6 6. Be2 e5 7. Nf3 Be7 8. 0-0 0-0 9. h3 b5 10. a3 Bb7 11. Bd3 Nbd7 12. Qe2 Rc8 13. Bd2 Qc7 14. Nh2 Nc5 15. b4 Ne6 16. Ng4 Nf4 17. Nxf6+ Bxf6 18. Qf3 d5 19. Rac1 d4 20. Ne2 Ne6 21. Ng3 Qd8 22. Nh5 Bg5 23. Bxg5 Qxg5 24. Qg4 Qxg4 25. hxg4 Rc3 26. Ra1 Rd8 27. f4 Nxf4 28. Nxf4 exf4 29. Rxf4 f6 30. a4 Bc6 31. a5 Bd7 32. Re1 Re8 33. e5 fxe5 34. Rfe4 Rc6 35. Rxe5 Rce6 36. Rxe6 Rxe6 37. Rxe6 Bxe6 38. Bf5 Bxf5 39. gxf5 Kf7 40. Kf2 Kf6 41. g4 Ke5 42. Kg3 Ke4 43. Kh3 Kf4 44. Kh4 h6 45. Kh5 Kf3 46. g5 hxg5 47. Kxg5 Ke2 48. Kg6 Kd2 49. Kxg7 Kxc2 50. f6 d3 51. f7 d2 52. f8Q d1Q 53. Qc8+ Kb3 54. Qxa6 Kxb4 55. Qa7 Qa1+ 56. Kf7 Qxa5 57. Qd4+ Kb3 58. Qd3+ Kb2 59. Qe2+ Kb3 60. Qd3+ Ka4 61. Qd1+ Kb4 1/2-1/2

[Event "Hinckley e2e4 op"]
[Site "Hinckley Island"]
[Date "2012.08.25"]
[Round "2"]
[White "Nelson, Jonathan"]
[Black "Kreuzer, Christopher RL"]
[Result "1-0"]
[WhiteElo "2205"]
[BlackElo "1947"]
[PlyCount "39"]
[EventDate "2012.08.24"]
[EventType "swiss"]
[EventRounds "7"]
[EventCountry "ENG"]
[SourceTitle "CBM 150 Extra"]
[Source "ChessBase"]
[SourceDate "2012.10.19"]
[SourceVersion "1"]
[SourceVersionDate "2012.10.19"]
[SourceQuality "1"]

1. e4 c5 2. c3 d5 3. exd5 Qxd5 4. d4 Nf6 5. Nf3 Bg4 6. dxc5 Qxd1+ 7. Kxd1 e5 8. b4 e4 9. h3 exf3 10. hxg4 Nxg4 11. Bb5+ Nc6 12. Re1+ Be7 13. gxf3 Nxf2+ 14. Kc2 Kd7 15. Be3 Nh3 16. Na3 Rad8 17. Nc4 Rhf8 18. Ne5+ Kc7 19. Nxc6 bxc6 20. Bf1 1-0

[Event "BCF-chT3S 1112 (4NCL)"]
[Site "England"]
[Date "2012.02.12"]
[Round "6.4"]
[White "Kreuzer, Christopher RL"]
[Black "Boulton, William"]
[Result "0-1"]
[WhiteElo "1953"]
[BlackElo "2043"]
[PlyCount "64"]
[EventDate "2011.11.12"]
[EventType "team-swiss"]
[EventRounds "6"]
[EventCountry "ENG"]
[SourceTitle "EXT 2013"]
[Source "ChessBase"]
[SourceDate "2012.11.22"]
[SourceVersion "1"]
[SourceVersionDate "2012.11.22"]
[SourceQuality "1"]
[WhiteTeam "Cambridge III"]
[BlackTeam "Anglian Avengers II"]
[WhiteTeamCountry "ENG"]
[BlackTeamCountry "ENG"]

1. e4 e5 2. Nf3 Nc6 3. d4 exd4 4. Bc4 Nf6 5. 0-0 Be7 6. e5 Ng4 7. Re1 d6 8. e6 fxe6 9. Nxd4 Nxd4 10. Qxd4 Ne5 11. Bb3 0-0 12. f4 Nc6 13. Qd3 d5 14. Be3 Nb4 15. Qd2 c5 16. c3 Nc6 17. Qe2 Bd6 18. g3 Qf6 19. Nd2 b6 20. Rad1 Qg6 21. Qg2 Bb7 22. Nf3 Na5 23. Bc2 Qh5 24. Ng5 e5 25. Bxh7+ Kh8 26. g4 Qh6 27. fxe5 d4 28. Qg3 dxe3 29. Rxd6 Qxg5 30. Qh3 Rf3 31. Qh5 Qxh5 32. gxh5 Kxh7 0-1

[Event "BCF-chT3S 1112 (4NCL)"]
[Site "England"]
[Date "2012.02.11"]
[Round "5.3"]
[White "Kreuzer, Christopher RL"]
[Black "Hoare, Amy B"]
[Result "0-1"]
[WhiteElo "1953"]
[BlackElo "1937"]
[PlyCount "66"]
[EventDate "2011.11.12"]
[EventType "team-swiss"]
[EventRounds "6"]
[EventCountry "ENG"]
[SourceTitle "EXT 2013"]
[Source "ChessBase"]
[SourceDate "2012.11.22"]
[SourceVersion "1"]
[SourceVersionDate "2012.11.22"]
[SourceQuality "1"]
[WhiteTeam "Cambridge III"]
[BlackTeam "Sussex Smart Survivors"]
[WhiteTeamCountry "ENG"]
[BlackTeamCountry "ENG"]

1. e4 e5 2. Nf3 Nc6 3. d4 exd4 4. Bc4 Bc5 5. c3 Nf6 6. cxd4 Bb4+ 7. Bd2 Bxd2+ 8. Nbxd2 d5 9. Bb5 Bd7 10. 0-0 0-0 11. e5 Ne4 12. Re1 Nxd2 13. Qxd2 Nxe5 14. Rxe5 Bxb5 15. Qb4 Bc6 16. Rae1 f6 17. Re7 Rf7 18. Qc5 Qf8 19. b4 a6 20. a4 Rxe7 21. Rxe7 Re8 22. Rxc7 Qxc5 23. dxc5 d4 24. Kf1 d3 25. Nd2 Re2 26. Nc4 Rc2 27. Rc8+ Kf7 28. Nd6+ Kg6 29. Ke1 Re2+ 30. Kf1 Bxg2+ 31. Kxg2 d2 32. c6 bxc6 33. Rxc6 d1Q 0-1

[Event "Sunningdale e2e4 Major"]
[Site "Sunningdale"]
[Date "2011.09.16"]
[Round "1"]
[White "Kreuzer, Christopher RL"]
[Black "Buttell, David"]
[Result "1/2-1/2"]
[WhiteElo "1951"]
[BlackElo "1797"]
[PlyCount "72"]
[EventDate "2011.09.16"]
[EventType "swiss"]
[EventRounds "5"]
[EventCountry "ENG"]
[SourceTitle "EXT 2023"]
[Source "ChessBase"]
[SourceDate "2022.10.05"]
[SourceVersion "1"]
[SourceVersionDate "2022.10.05"]
[SourceQuality "1"]

1. e4 c5 2. Nf3 d6 3. d4 cxd4 4. Nxd4 Nf6 5. Nc3 g6 6. Be3 Bg7 7. Be2 0-0 8. 0-0 Nc6 9. f3 Bd7 10. Qd2 Re8 11. Rad1 Ne5 12. b3 Qa5 13. Ndb5 Rec8 14. Nd5 Qxd2 15. Rxd2 Nxd5 16. exd5 a6 17. Na3 b5 18. c4 bxc4 19. Nxc4 Nxc4 20. Bxc4 Bb5 21. Rc1 Bxc4 22. Rxc4 Rxc4 23. bxc4 Rb8 24. c5 dxc5 25. Bxc5 Rb1+ 26. Kf2 Bf6 27. Re2 Rd1 28. Bxe7 Bxe7 29. Rxe7 Rxd5 30. a4 Kf8 31. Re4 f5 32. Rc4 Ke7 33. Rc7+ Rd7 34. Rc6 Rd6 35. Rc7+ Rd7 36. Rc6 Rd6 1/2-1/2

[Event "Sunningdale e2e4 Challengers-G"]
[Site "Sunningdale"]
[Date "2011.08.13"]
[Round "7"]
[White "Bennett, Dominic"]
[Black "Kreuzer, Christopher RL"]
[Result "1-0"]
[WhiteElo "2048"]
[BlackElo "1934"]
[PlyCount "59"]
[EventDate "2011.08.10"]
[EventType "tourn"]
[EventRounds "9"]
[EventCountry "ENG"]
[SourceTitle "CBM 144 Extra"]
[Source "ChessBase"]
[SourceDate "2011.10.28"]
[SourceVersion "1"]
[SourceVersionDate "2011.10.28"]
[SourceQuality "1"]

1. d4 Nf6 2. Bg5 Ne4 3. Bf4 g5 4. Bc1 h6 5. f3 Nf6 6. e4 d6 7. Be3 Nbd7 8. Bc4 c6 9. Qd2 d5 10. Bb3 dxe4 11. Nc3 exf3 12. Nxf3 e6 13. a3 Bd6 14. g3 Qc7 15. 0-0-0 b6 16. Rhe1 Bb7 17. d5 cxd5 18. Bd4 Bc6 19. Nxd5 Bxd5 20. Bxd5 0-0-0 21. Ba2 g4 22. Bc3 Be7 23. Nd4 Nc5 24. Qg2 Nd5 25. Bxd5 Rxd5 26. Nb5 Qd7 27. Rxd5 exd5 28. Bxh8 Bg5+ 29. Kb1 Qxb5 30. Qxd5 1-0

[Event "Sunningdale e2e4 Challengers-G"]
[Site "Sunningdale"]
[Date "2011.08.12"]
[Round "5"]
[White "Clark, Robert G"]
[Black "Kreuzer, Christopher RL"]
[Result "0-1"]
[WhiteElo "2014"]
[BlackElo "1934"]
[PlyCount "58"]
[EventDate "2011.08.10"]
[EventType "tourn"]
[EventRounds "9"]
[EventCountry "ENG"]
[SourceTitle "CBM 144 Extra"]
[Source "ChessBase"]
[SourceDate "2011.10.28"]
[SourceVersion "1"]
[SourceVersionDate "2011.10.28"]
[SourceQuality "1"]

1. e4 c5 2. Nf3 d6 3. d4 cxd4 4. Nxd4 Nf6 5. Nc3 a6 6. f3 e5 7. Nb3 Be6 8. Be3 Nbd7 9. Qd2 Rc8 10. 0-0-0 Be7 11. g4 b5 12. Kb1 Nb6 13. Bxb6 Qxb6 14. Nd5 Bxd5 15. exd5 b4 16. Be2 0-0 17. h4 a5 18. f4 a4 19. Nc1 Ne4 20. Qe1 Nc3+ 21. Ka1 Nxd1 22. Bxd1 b3 23. c3 bxa2 24. Bxa4 Rc4 25. Bc2 Rxf4 26. Qd1 e4 27. g5 Rb8 28. b3 Qf2 29. Ne2 Rxh4 0-1